000 00833nam a22002177a 4500
999 _c16310
_d16310
003 AR-CdUCM
008 190503b ||||| |||| 00| 0 spa d
040 _aMUNICIPALIDAD PROVINCIAL DEL CUSCO
_cBIBLIOTECA MUNICIPAL DEL CUSCO
082 _a370.81 /
_bR21
100 _aRamón y Cajal, Santiago
_935684
245 _aPensamientos pedagógicos /
260 _aMéxico :
_bSecretaría de educación pública,
_c1947.
300 _a82 paginas ;
_c20 cm.
440 _aSegunda epoca
_n 161
_935685
505 _aContenido : Pensamiento pedagógicos y educativos -- Pedagogía de la investigación -- Pensamiento de un octogenario -- De charlas del café...
650 _aPedagogía educacional
_935686
650 _aPensamientos educativos
_935687
650 _aEducacion
_9460
942 _2ddc
_cLIBROS
945 _awnts
_d2019-05-3